| 000 | 00473nam a22001577a 4500 | ||
|---|---|---|---|
| 003 | NUST | ||
| 038 | _a. | ||
| 082 | _a200 THE | ||
| 100 |
_aRida Nisar _970033 |
||
| 110 |
_aSupervisor Dr. Farhan Riaz _985074 |
||
| 245 | _aTH-SOF-1204-Assisted Diagnostic System for Identifying Gastrointestinal Cancer using Adapted Color Features | ||
| 260 |
_aIslamabad _bNUST College of EME _c2015 |
||
| 563 | _a. | ||
| 650 |
_aMS-COMPUTER ENGINEERING-77 _985075 |
||
| 942 |
_cTHE _2ddc |
||
| 999 |
_c577093 _d577093 |
||